000 00970cam a22002291 4500
001 sa 67004019
003 DLC
005 20260227112343.0
008 780808s1951 ii f000 0 eng
010 _asa 67004019
035 _a(OCoLC)4119875
040 _aDLC
_cMnU
_dDLC
042 _apremarc
050 0 0 _aHE1783.I4
_bA4998
110 1 _aIndia (Republic).
_bRailway Inspectorate.
245 1 0 _aRailway accidents;
_breport on the collision between 2 down Delhi-Calcutta mail and 4 down Bombay Calcutta mail at Hirodih station on the Grand Chord section of the E. I. Railway on 21st December, 1947.
260 _aDelhi,
_bManager of Publications,
_c1951.
300 _a10 p.
_c34 cm.
500 _aCover title.
650 0 _aRailroad accidents
_zIndia
_vCase studies.
740 0 _aReport on the collision between 2 down Delhi-Calcutta Mail and 4 down Bombay Calcutta Mail at Hirodih station on the Grand Chord section of the E. I. Railway on 21st December, 1947.
999 _c74222
_d74222